[Event "Polofinale MCR junioru 2024"]
[Site "Hotel Fit Fun, Ryžovište 427, 512 46 Harrachov v Krkonoších"]
[Date "2024.11.12"]
[Round "4"]
[Board "40"]
[White "Zeman, Vojtech"]
[Black "Hampl, David"]
[Result "1-0"]
[WhiteElo "1848"]
[BlackElo "1830"]
[PlyCount "57"]
[EventDate "2024.11.09"]
[EventRounds "9"]
[EventCountry "CZE"]

1. d4 Nf6 2. c4 g6 3. Nc3 d5 4. cxd5 Nxd5 5. Bd2 Bg7 6. e4 Nb6 7. Be3 O-O 8. h3 e5
9. d5 c6 10. Qb3 cxd5 11. exd5 N8d7 12. Rd1 Nf6 13. a4 Nbd7 14. Bc4 b6 15. Nf3 Nc5
16. Qa2 Nfe4 17. Nxe4 Nxe4 18. O-O Nd6 19. Bb3 Kh8 20. Rc1 f5 21. Rc2 f4 22. Bd2
e4 23. Nh2 Qg5 24. Kh1 Qh4 25. Bc3 f3 26. g3 Qxh3 27. Rg1 e3 28. Qa3 Nf5 29. Qxf8#
 1-0

[Event "Polofinale MCR junioru 2024"]
[Site "Hotel Fit Fun, Ryžovište 427, 512 46 Harrachov v Krkonoších"]
[Date "2024.11.12"]
[Round "4"]
[Board "41"]
[White "Meca, Viktor"]
[Black "Dvorák, Jan"]
[Result "1-0"]
[WhiteElo "1796"]
[BlackElo "1873"]
[PlyCount "91"]
[EventDate "2024.11.09"]
[EventRounds "9"]
[EventCountry "CZE"]

1. e4 e6 2. d4 d5 3. e5 c5 4. c3 Nc6 5. Nf3 Qb6 6. Bd3 Bd7 7. dxc5 Bxc5 8. O-O Nh6
9. b4 Be7 10. Be3 Qc7 11. Re1 Nf5 12. Bxf5 exf5 13. Qxd5 Be6 14. Qd1 Rd8 15. Nbd2
O-O 16. Bf4 h6 17. h4 Rd3 18. Rc1 Rfd8 19. Qc2 R3d7 20. h5 Rc8 21. Qb2 Qd8 22. Nb3
Bg5 23. Bxg5 hxg5 24. Nc5 Rdc7 25. Rcd1 Qe7 26. Qd2 g4 27. Nd4 Nxd4 28. cxd4 Bd5
29. Qf4 b6 30. Na6 Rc2 31. Rc1 Qb7 32. Rxc2 Rxc2 33. Qxf5 Rb2 34. h6 Qe7 35. hxg7
g3 36. Qc8+ Kxg7 37. Qg4+ Kf8 38. Qxg3 Qb7 39. e6 Bxe6 40. Qd6+ Kg8 41. Nc7 Qc8 42.
Nxe6 fxe6 43. Rxe6 Qc1+ 44. Kh2 Rxf2 45. Qg3+ Kf7 46. Qg6+  1-0

[Event "Polofinale MCR junioru 2024"]
[Site "Hotel Fit Fun, Ryžovište 427, 512 46 Harrachov v Krkonoších"]
[Date "2024.11.12"]
[Round "4"]
[Board "42"]
[White "Fousek, Petr"]
[Black "Hajícek, Matyáš"]
[Result "1-0"]
[WhiteElo "1800"]
[BlackElo "1673"]
[PlyCount "109"]
[EventDate "2024.11.09"]
[EventRounds "9"]
[EventCountry "CZE"]

1. e4 c5 2. Nf3 Nc6 3. d4 cxd4 4. Nxd4 Nf6 5. Nc3 g6 6. Be3 Bg7 7. Bc4 O-O 8. f3
Qb6 9. Bb3 Nxe4 10. fxe4 Nxd4 11. O-O e5 12. Nd5 Qd8 13. Bxd4 exd4 14. Qf3 Be5 15.
Nf6+ Kg7 16. Ng4 Qe7 17. Nxe5 Qxe5 18. Bd5 d6 19. Qb3 Be6 20. Qxb7 Rfb8 21. Rxf7+
Bxf7 22. Qxf7+ Kh6 23. Bxa8 Rxa8 24. Qf3 Rd8 25. Rf1 Qc5 26. Qf4+ Qg5 27. h4 Qxf4
28. Rxf4 Rc8 29. Rf2 Kh5 30. g3 Kg4 31. Kg2 g5 32. hxg5 Kxg5 33. Kf3 Rb8 34. c3 dxc3
35. bxc3 Rc8 36. Rc2 Rf8+ 37. Ke3 Kg4 38. Rh2 Rf7 39. Rh6 Kxg3 40. Rxd6 h5 41. Rg6+
Kh3 42. e5 Rc7 43. Kd4 Rd7+ 44. Ke4 Rc7 45. e6 Rxc3 46. e7 Rc1 47. Kd5 Rd1+ 48. Kc6
Rc1+ 49. Kd7 Rb1 50. e8=Q Rd1+ 51. Rd6 Rxd6+ 52. Kxd6 h4 53. Qe3+ Kg2 54. Qg5+ Kh3
55. a4  1-0

[Event "Polofinale MCR junioru 2024"]
[Site "Hotel Fit Fun, Ryžovište 427, 512 46 Harrachov v Krkonoších"]
[Date "2024.11.12"]
[Round "5"]
[Board "1"]
[White "Ocelák, Jakub"]
[Black "Lang, Šimon"]
[Result "1-0"]
[WhiteElo "2205"]
[BlackElo "2114"]
[PlyCount "0"]
[EventDate "2024.11.09"]
[EventRounds "9"]
[EventCountry "CZE"]

1. d4 Nf6 2. c4 e6 3. g3 d5 4. Nf3 Be7 5. Bg2 O-O 6. O-O dxc4 7. Qc2 a6 8. a4 Bd7
9. Rd1 Bc6 10. Nc3 a5 11. e4 Na6 12. Ne5 Nb4 13. Qe2 b6 14. d5 exd5 15. Nxc6 Nxc6
16. exd5 Nb4 17. Qxc4 Bd6 18. Nb5 Nd7 19. Bd2 Ne5 20. Qb3 Na6 21. Bc3 Re8 22. Nxd6
Qxd6 23. Bd4 Rad8 24. Qc3 f6 25. Rac1 Nd7 26. Be3 Ndc5 27. Qc4 Kh8 28. Bf4 Qe7 29.
Bf3 Nb4 30. b3 Qf7 31. Be3 Nba6 32. Rd4 Nb8 33. Bf4 Nba6 34. Kg2 Nb4 35. Rcd1 g6
36. Bd2 Nba6 37. Bc3 Nb8 38. d6 Qxc4 39. bxc4 cxd6 40. Rxd6 Rxd6 41. Rxd6 Nbd7 42.
Bc6 Re7 43. Rxf6 Nxf6 44. Bxf6+ Rg7 45. f4 Kg8 46. Bxg7 Kxg7 47. Kf3 Kf6 48. g4 h6
49. h4 Nb3 50. Ke3 Ke6 51. Be4 Kf6 52. g5+ hxg5 53. hxg5+ Kf7 54. Bc2 Nc5 55. Kd4
Ke6 56. Bxg6 Nxa4 57. f5+ Kd6 58. f6 Nc5 59. Bf5 Ne6+ 60. Bxe6 Kxe6  1-0

[Event "Polofinale MCR junioru 2024"]
[Site "Hotel Fit Fun, Ryžovište 427, 512 46 Harrachov v Krkonoších"]
[Date "2024.11.12"]
[Round "5"]
[Board "3"]
[White "Zezula, Jakub"]
[Black "Soucek, Jan"]
[Result "0-1"]
[WhiteElo "2163"]
[BlackElo "2188"]
[PlyCount "0"]
[EventDate "2024.11.09"]
[EventRounds "9"]
[EventCountry "CZE"]

1. e4 c5 2. Nf3 e6 3. d4 cxd4 4. Nxd4 Nc6 5. Nc3 Qc7 6. g3 a6 7. Bg2 Nf6 8. O-O Nxd4
9. Qxd4 Bc5 10. Qd3 Ng4 11. Qe2 h5 12. Bf4 Ne5 13. h4 d6 14. Rad1 b5 15. Bxe5 dxe5
16. Nb1 g6 17. Nd2 O-O 18. c4 bxc4 19. Nxc4 a5 20. b3 a4 21. Qd2 axb3 22. axb3 Bd4
23. Qh6 Ra2 24. Bf3 Ba6 25. Bxh5 Rb8 26. Bxg6 fxg6 27. Qxg6+ Qg7 28. Qxe6+ Kh8 29.
Rxd4 exd4 30. Ne5 Ra5 31. Nf7+ Kh7 32. Rc1 Bc8 33. Qd6 Qxf7 34. Qxb8 Ra2 35. Rc7
Bd7 36. f4 Qg7 37. Kh1 d3 38. Qb7 Qa1+  0-1

[Event "Polofinale MCR junioru 2024"]
[Site "Hotel Fit Fun, Ryžovište 427, 512 46 Harrachov v Krkonoších"]
[Date "2024.11.12"]
[Round "5"]
[Board "4"]
[White "Bohácek, Jan Andrej"]
[Black "Stocek, Martin"]
[Result "0-1"]
[WhiteElo "2118"]
[BlackElo "2082"]
[PlyCount "0"]
[EventDate "2024.11.09"]
[EventRounds "9"]
[EventCountry "CZE"]

1. e4 c6 2. Nf3 d5 3. Nc3 Bg4 4. h3 Bxf3 5. Qxf3 e6 6. Be2 Bc5 7. O-O Ne7 8. Na4
Bd6 9. d4 dxe4 10. Qxe4 Nd7 11. Rd1 Qa5 12. b3 Qf5 13. Qxf5 Nxf5 14. c4 Nf6 15. Nc3
Ne7 16. Bf3 Rc8 17. Bb2 O-O 18. Rd3 Rfd8 19. Rad1 h6 20. g3 a6 21. Na4 Nd7 22. d5
cxd5 23. cxd5 e5 24. Bg2 f5 25. Nc3 b5 26. g4 g6 27. gxf5 gxf5 28. Ne2 Rc2 29. R3d2
Rdc8 30. a3 b4 31. a4 Kf7 32. f4 e4 33. Kf1 Nb6 34. Ba1 Rxd2 35. Rxd2 Nbxd5  0-1

[Event "Polofinale MCR junioru 2024"]
[Site "Hotel Fit Fun, Ryžovište 427, 512 46 Harrachov v Krkonoších"]
[Date "2024.11.12"]
[Round "5"]
[Board "5"]
[White "Švadlenka, Dominik"]
[Black "Bokhnak, Timofey"]
[Result "0-1"]
[WhiteElo "1893"]
[BlackElo "2274"]
[PlyCount "0"]
[EventDate "2024.11.09"]
[EventRounds "9"]
[EventCountry "CZE"]

1. d4 Nf6 2. c4 e6 3. Nc3 d5 4. cxd5 exd5 5. Bg5 Be7 6. e3 c6 7. Bd3 O-O 8. Qc2 Nbd7
9. Nf3 Re8 10. O-O Nf8 11. h3 g6 12. Rab1 Ne6 13. Bh4 Ng7 14. b4 a6 15. a4 Nf5 16.
Bg5 Ne4 17. Bxe7 Qxe7 18. Rfe1 Nfd6 19. b5 axb5 20. axb5 Ra3 21. Rb3 Rxb3 22. Qxb3
Be6 23. bxc6 bxc6 24. Qa3 Nxf2 25. Bf1 Nfe4 26. Nxe4 Nxe4 27. Qxe7 Rxe7 28. Rc1 Rc7
29. Bd3 f6 30. Bxe4 dxe4 31. Nd2 Bd5 32. Kf2 Kf7 33. Kg3 Ke6 34. h4 Rb7 35. Rc2 h6
36. Kf4 g5+ 37. hxg5 hxg5+ 38. Kg3 f5 39. Kf2 f4 40. Ke2 Rh7 41. Kf2 Ra7 42. Nf1
Ra3 43. Ke2 Rd3 44. Kf2 fxe3+ 45. Nxe3 Rxd4 46. Ke2 Ra4 47. Kd2 Ke5 48. g3 Ra1 49.
Ke2 Rh1 50. Rd2 Be6 51. Rd8 Bd5 52. Ng4+ Kd4 53. Re8 Ra1 54. Re5 Ra3 55. Kf2 Rf3+
56. Kg2 Rf8 57. Rxg5 e3+ 58. Kg1 e2 59. Re5 Rf1+  0-1

[Event "Polofinale MCR junioru 2024"]
[Site "Hotel Fit Fun, Ryžovište 427, 512 46 Harrachov v Krkonoších"]
[Date "2024.11.12"]
[Round "5"]
[Board "6"]
[White "Bezdek, Tomáš"]
[Black "Vilímek, Vít"]
[Result "1/2-1/2"]
[WhiteElo "2215"]
[BlackElo "2076"]
[PlyCount "0"]
[EventDate "2024.11.09"]
[EventRounds "9"]
[EventCountry "CZE"]

1. e4 c5 2. Nf3 Nc6 3. Bc4 g6 4. O-O e6 5. Re1 Bg7 6. Nc3 Nge7 7. e5 O-O 8. d3 Nf5
9. Bf4 d5 10. exd6 Nxd6 11. Bb3 b6 12. Qc1 Nd4 13. Nxd4 cxd4 14. Ne4 Nxe4 15. dxe4
Bb7 16. Qd2 e5 17. Bg5 Qd7 18. Rad1 Kh8 19. c3 f6 20. Bh6 Rad8 21. cxd4 exd4 22.
Bxg7+ Kxg7 23. Qb4 Qd6 24. Qxd6 Rxd6 25. Bd5 Bxd5 26. Rxd4 Rc8 27. Rxd5 Rxd5 28.
exd5 Kf7 29. d6 Re8 30. Rd1  1/2-1/2

[Event "Polofinale MCR junioru 2024"]
[Site "Hotel Fit Fun, Ryžovište 427, 512 46 Harrachov v Krkonoších"]
[Date "2024.11.12"]
[Round "5"]
[Board "7"]
[White "Šetina, Václav"]
[Black "Davídek, Zdenek"]
[Result "0-1"]
[WhiteElo "2128"]
[BlackElo "2048"]
[PlyCount "0"]
[EventDate "2024.11.09"]
[EventRounds "9"]
[EventCountry "CZE"]

1. d4 Nf6 2. c4 e6 3. Nf3 d5 4. g3 dxc4 5. Nc3 Bb4 6. Bg2 O-O 7. O-O Nc6 8. Bf4 Rb8
9. Qc2 b5 10. Rfd1 Be7 11. e4 Nb4 12. Qe2 Nd3 13. Be3 Ng4 14. b3 c6 15. Rab1 Ba6
16. bxc4 bxc4 17. d5 Rxb1 18. Rxb1 Nxe3 19. fxe3 Qa5 20. Qc2 cxd5 21. exd5 Bb4 22.
Ne2 Qxd5 23. Kh1 Qe4 24. Ned4 Qxe3 25. h4 Bc5 26. Nc6 c3 27. Kh2 Bd6 28. Rd1 Nb4
29. Nxb4 Bxb4 30. Ng5 g6 31. Ne4 Qe2 32. Qa4 Bb7 33. Qxb4 Bxe4 34. Rg1 Bxg2 35. Rxg2
Qd3 36. Qc5 a6 37. h5 Qf5  0-1

[Event "Polofinale MCR junioru 2024"]
[Site "Hotel Fit Fun, Ryžovište 427, 512 46 Harrachov v Krkonoších"]
[Date "2024.11.12"]
[Round "5"]
[Board "8"]
[White "Svacina, Tobiáš"]
[Black "Jirásko, Miroslav"]
[Result "1-0"]
[WhiteElo "2030"]
[BlackElo "2215"]
[PlyCount "0"]
[EventDate "2024.11.09"]
[EventRounds "9"]
[EventCountry "CZE"]

1. c4 e5 2. Nc3 Nf6 3. Nf3 Nc6 4. e4 Bc5 5. Nxe5 Nxe5 6. d4 Bb4 7. dxe5 Nxe4 8. Qf3
Nxc3 9. bxc3 Ba5 10. Bf4 O-O 11. O-O-O d6 12. Rd5 Bb6 13. exd6 Be6 14. Rd2 cxd6 15.
Bxd6 Qg5 16. h4 Qxd2+ 17. Kxd2 Rad8 18. Qd3 Bf5 19. Qxf5 Rxd6+ 20. Bd3  1-0

[Event "Polofinale MCR junioru 2024"]
[Site "Hotel Fit Fun, Ryžovište 427, 512 46 Harrachov v Krkonoších"]
[Date "2024.11.12"]
[Round "5"]
[Board "9"]
[White "Šprinar, Michal"]
[Black "Paseka, Matyáš"]
[Result "1/2-1/2"]
[WhiteElo "1980"]
[BlackElo "2254"]
[PlyCount "0"]
[EventDate "2024.11.09"]
[EventRounds "9"]
[EventCountry "CZE"]

1. e4 c5 2. Nf3 d6 3. d4 cxd4 4. Nxd4 Nf6 5. Nc3 a6 6. Rg1 e5 7. Nb3 Be6 8. g4 d5
9. exd5 Nxd5 10. Nxd5 Qxd5 11. Qxd5 Bxd5 12. Be3 Nc6 13. O-O-O O-O-O 14. Bb6 Rd7
15. g5 Be6 16. Rxd7 Kxd7 17. Nc5+ Bxc5 18. Bxc5 h6 19. gxh6 Rxh6 20. Rxg7 Rxh2 21.
Bg2 Kc7 22. a3 Rh4 23. Rg5 Rc4 24. Be3 Kd6 25. Kd2 Rh4 26. b4 Rh8 27. Bc5+ Kc7 28.
Bxc6 Kxc6 29. Rxe5 Rd8+  1/2-1/2

[Event "Polofinale MCR junioru 2024"]
[Site "Hotel Fit Fun, Ryžovište 427, 512 46 Harrachov v Krkonoších"]
[Date "2024.11.12"]
[Round "5"]
[Board "10"]
[White "Skýpala, Ondrej"]
[Black "Vyšínský, Otakar"]
[Result "1/2-1/2"]
[WhiteElo "2232"]
[BlackElo "1994"]
[PlyCount "0"]
[EventDate "2024.11.09"]
[EventRounds "9"]
[EventCountry "CZE"]

1. c4 e5 2. g3 Nc6 3. Bg2 g6 4. Nc3 Bg7 5. d3 d6 6. e3 Nf6 7. Nge2 O-O 8. O-O Be6
9. Nd5 Qd7 10. Re1 Nd8 11. b4 Bh3 12. Nxf6+ Bxf6 13. Bh1 c6 14. Rb1 Ne6 15. b5 d5
16. bxc6 bxc6 17. cxd5 cxd5 18. Ba3 Rfd8 19. Qd2 Rac8 20. Rec1 Rxc1+ 21. Rxc1 d4
22. exd4 Bg5 23. f4 Nxf4 24. Nxf4 Qxd4+ 25. Qf2 exf4 26. Qxd4 Rxd4 27. Rc3 fxg3 28.
hxg3 Bf5 29. Bc5 Ra4 30. Rb3 Be6 31. Rb8+ Kg7 32. a3 Ra5 33. d4 Bc1 34. Rb7 a6 35.
d5 Bxd5 36. Bxd5 Rxc5 37. Bxf7 Bxa3 38. Bc4+ Kf6 39. Bxa6 h5 40. Rb6+ Kg7 41. Rb3
Ra5 42. Be2 Kh6 43. Kg2  1/2-1/2

[Event "Polofinale MCR junioru 2024"]
[Site "Hotel Fit Fun, Ryžovište 427, 512 46 Harrachov v Krkonoších"]
[Date "2024.11.12"]
[Round "5"]
[Board "11"]
[White "Winter, Ondrej"]
[Black "Andrle, Filip"]
[Result "1-0"]
[WhiteElo "2230"]
[BlackElo "1958"]
[PlyCount "0"]
[EventDate "2024.11.09"]
[EventRounds "9"]
[EventCountry "CZE"]

1. e4 c5 2. Nf3 e6 3. c3 Qa5 4. g3 d6 5. Bg2 Nc6 6. O-O Nf6 7. Re1 Be7 8. d3 O-O
9. Nbd2 Qc7 10. a4 b6 11. Nc4 Bb7 12. Bf4 e5 13. Bd2 Rfe8 14. Rb1 a6 15. Qb3 b5 16.
axb5 axb5 17. Qxb5 Ba6 18. Qa4 Bxc4 19. Qxc4 Na5 20. Qa4 Reb8 21. Qc2 c4 22. d4 Nb3
23. h3 Nd7 24. Be3 Bf6 25. Bf1 Ra2 26. g4 g6 27. g5 Bg7 28. Red1 Nb6 29. dxe5 dxe5
30. Bxb6 Rxb6 31. Rd5 Na5 32. Qd2 Qb7 33. Nxe5 Raxb2 34. Rxb2 Rxb2 35. Rd8+ Bf8 36.
Qd6  1-0

[Event "Polofinale MCR junioru 2024"]
[Site "Hotel Fit Fun, Ryžovište 427, 512 46 Harrachov v Krkonoších"]
[Date "2024.11.12"]
[Round "5"]
[Board "12"]
[White "Stejskal, Michal"]
[Black "Janouš, Marek"]
[Result "0-1"]
[WhiteElo "1957"]
[BlackElo "2177"]
[PlyCount "0"]
[EventDate "2024.11.09"]
[EventRounds "9"]
[EventCountry "CZE"]

1. Nf3 d5 2. d4 Nf6 3. e3 c5 4. c3 Nc6 5. Bd3 Bg4 6. Nbd2 e5 7. dxe5 Nxe5 8. Bb5+
Nc6 9. Bxc6+ bxc6 10. Qa4 Bd7 11. Ne5 Bd6 12. Nxd7 Qxd7 13. h3 O-O 14. O-O Bc7 15.
Nf3 Ne4 16. Rd1 f5 17. c4 Qd6 18. Bd2 f4 19. cxd5 cxd5 20. Bc1 fxe3 21. Bxe3 Rab8
22. Qa3 d4 23. Kf1 Qb6 24. Bc1 Qb5+ 25. Kg1 Qe2 26. Rf1 d3 27. Be3 d2 28. Qa4 Rxf3
29. Qxe4 Rf7 30. Rfd1 Rd8 31. Qg4 Qxg4 32. hxg4 Bf4 33. Bxc5 Rc7 34. Bb4 Rc1 35.
Bxd2 Rxa1 36. Rxa1 Rxd2 37. Rb1 Be5  0-1

[Event "Polofinale MCR junioru 2024"]
[Site "Hotel Fit Fun, Ryžovište 427, 512 46 Harrachov v Krkonoších"]
[Date "2024.11.12"]
[Round "5"]
[Board "13"]
[White "Martinkovic, Adam"]
[Black "Václavík, Jan"]
[Result "1/2-1/2"]
[WhiteElo "1859"]
[BlackElo "2139"]
[PlyCount "0"]
[EventDate "2024.11.09"]
[EventRounds "9"]
[EventCountry "CZE"]

1. d4 d5 2. Nf3 Nf6 3. c4 e6 4. g3 Bb4+ 5. Bd2 a5 6. Bg2 O-O 7. O-O c6 8. Qc2 Nbd7
9. Bxb4 axb4 10. Nbd2 Qe7 11. e4 dxe4 12. Nxe4 c5 13. dxc5 Nxc5 14. Nfg5 Nfxe4 15.
Nxe4 Ra5 16. b3 Nxe4 17. Bxe4 f5 18. Bg2 f4 19. Qd3 Raf5 20. Bf3 Qf6 21. Kg2 e5 22.
Rae1 Kh8 23. Rd1 Be6 24. Qe4 Bc8 25. Qd3 Be6 26. Qe4 Bc8  1/2-1/2

[Event "Polofinale MCR junioru 2024"]
[Site "Hotel Fit Fun, Ryžovište 427, 512 46 Harrachov v Krkonoších"]
[Date "2024.11.12"]
[Round "5"]
[Board "14"]
[White "Mach, Petr"]
[Black "Nagyová, Daniela"]
[Result "1-0"]
[WhiteElo "2080"]
[BlackElo "1903"]
[PlyCount "0"]
[EventDate "2024.11.09"]
[EventRounds "9"]
[EventCountry "CZE"]

1. e4 e5 2. Nf3 Nc6 3. Nc3 Nf6 4. Nxe5 Nxe5 5. d4 Ng6 6. e5 Ng8 7. Bc4 Bb4 8. Qf3
Qe7 9. O-O Bxc3 10. bxc3 Nh6 11. Bxh6 gxh6 12. Qe3 b6 13. f4 Bb7 14. f5 d5 15. Bb5+
c6 16. fxg6 cxb5 17. Rxf7 Qe6 18. Rxb7 Qxg6 19. Rf1 Rg8 20. Qh3 Rd8 21. Rf6 Qg4 22.
Re6+ Kf8 23. Qxh6+ Rg7 24. Qf6+ Kg8 25. Qxd8#  1-0

[Event "Polofinale MCR junioru 2024"]
[Site "Hotel Fit Fun, Ryžovište 427, 512 46 Harrachov v Krkonoších"]
[Date "2024.11.12"]
[Round "5"]
[Board "15"]
[White "Steinbauer, Sebastián"]
[Black "Hozda, Max"]
[Result "1/2-1/2"]
[WhiteElo "1951"]
[BlackElo "2080"]
[PlyCount "0"]
[EventDate "2024.11.09"]
[EventRounds "9"]
[EventCountry "CZE"]

1. e4 Nf6 2. e5 Nd5 3. d4 d6 4. c4 Nb6 5. f4 Bf5 6. Nc3 e6 7. Nf3 dxe5 8. fxe5 Nc6
9. a3 Bg4 10. Be3 Bxf3 11. gxf3 Qh4+ 12. Bf2 Qf4 13. c5 Nd5 14. Nxd5 exd5 15. Bb5
Be7 16. O-O h5 17. Qd3 Qh6 18. Be3 g5 19. Kh1 O-O-O 20. Rg1 Rdg8 21. Qf5+ Qe6 22.
Qxe6+ fxe6 23. Bxc6 bxc6 24. Rg3 Rf8 25. Kg2 g4 26. fxg4 Bh4 27. Rf3 hxg4 28. Rxf8+
Rxf8 29. Rf1 Rf5 30. Rxf5 exf5 31. h3 Kd7 32. hxg4 fxg4 33. Bf2 Bg5 34. Kg3 Ke6 35.
Kxg4 Bc1 36. Kf3 Bxb2 37. a4 Bc3 38. Ke3 Kf5 39. Kd3 Bb4 40. Bh4 Ke6 41. Bg5 Be1
42. Ke2 Bc3 43. Kd3 Be1 44. Be3 Bh4 45. Bd2 Bf2 46. Bc3 Bh4 47. Kc2 Bg5 48. Kb3 Kd7
49. Kb4 Kc8 50. Kb3 Kd7 51. Kc2 Ke6 52. Kd3 Kf5 53. Ba5 Bd8 54. Ke3 Bg5+ 55. Kf3
Bd8 56. Bd2 Bh4 57. Bf4 Be7 58. Bg3 Bg5 59. Bf2 Be7 60. Kg3 Bg5 61. Kh3 Be7 62. Bh4
Bxc5 63. dxc5 Kxe5 64. Kg4 Ke4 65. Bd8 d4 66. Bxc7 d3 67. Bf4 Kd4 68. Kf3 Kxc5 69.
Be3+ Kb4 70. Bxa7 Kxa4 71. Ke4  1/2-1/2

[Event "Polofinale MCR junioru 2024"]
[Site "Hotel Fit Fun, Ryžovište 427, 512 46 Harrachov v Krkonoších"]
[Date "2024.11.12"]
[Round "5"]
[Board "16"]
[White "Vlcek, Vojtech"]
[Black "Síleš, Jan"]
[Result "1/2-1/2"]
[WhiteElo "1845"]
[BlackElo "2062"]
[PlyCount "0"]
[EventDate "2024.11.09"]
[EventRounds "9"]
[EventCountry "CZE"]

1. d4 Nf6 2. c3 g6 3. Bg5 Bg7 4. e3 O-O 5. Nd2 d6 6. Bxf6 Bxf6 7. Be2 Nc6 8. f4 e5
9. fxe5 dxe5 10. Ngf3 Bg5 11. Nc4 e4 12. Nxg5 Qxg5 13. Qd2 Qxg2 14. O-O-O Bg4 15.
Bxg4 Qxg4 16. Rdg1 Qh4 17. Qe2 h5 18. Rg3 Rad8 19. Rhg1 Rd5 20. Qg2 Kh8 21. Nd2  1/2-1/2

[Event "Polofinale MCR junioru 2024"]
[Site "Hotel Fit Fun, Ryžovište 427, 512 46 Harrachov v Krkonoších"]
[Date "2024.11.12"]
[Round "5"]
[Board "17"]
[White "Pecka, Jan"]
[Black "Vyslyšel, Petr"]
[Result "1-0"]
[WhiteElo "2059"]
[BlackElo "1875"]
[PlyCount "0"]
[EventDate "2024.11.09"]
[EventRounds "9"]
[EventCountry "CZE"]

1. d4 d5 2. Nf3 Nf6 3. c4 dxc4 4. e3 e6 5. Bxc4 c5 6. O-O Be7 7. Nc3 Nc6 8. a3 O-O
9. dxc5 Qxd1 10. Rxd1 Bxc5 11. b4 Be7 12. e4 Nd7 13. Bf4 Bf6 14. Rac1 e5 15. Be3
Nb6 16. Nd5 Nxc4 17. Rxc4 Bg4 18. Rdc1 Bxf3 19. gxf3 a6 20. Bc5 Rfd8 21. Bb6 Re8
 1-0

[Event "Polofinale MCR junioru 2024"]
[Site "Hotel Fit Fun, Ryžovište 427, 512 46 Harrachov v Krkonoších"]
[Date "2024.11.12"]
[Round "5"]
[Board "18"]
[White "Cerný, Michal"]
[Black "Pokorný, Jirí"]
[Result "1-0"]
[WhiteElo "2052"]
[BlackElo "1813"]
[PlyCount "0"]
[EventDate "2024.11.09"]
[EventRounds "9"]
[EventCountry "CZE"]

1. e4 e6 2. d4 d5 3. Nd2 Be7 4. Ngf3 Nf6 5. Bd3 c5 6. exd5 Nxd5 7. dxc5 Bxc5 8. Ne4
Be7 9. c3 Bd7 10. O-O Bc6 11. Nd4 O-O 12. Qh5 g6 13. Qh6 Re8 14. Ng5 Nf6 15. Ndxe6
Bf8 16. Nxd8 Bxh6 17. Nxc6 Nxc6 18. Nf3 Bxc1 19. Raxc1 a6 20. Rfe1 Red8 21. Rcd1
b5 22. a3 Na5 23. Ne5 Rd6 24. c4 Rad8 25. cxb5 axb5 26. Be2 Rd2 27. Rxd2 Rxd2 28.
b4 Nb7 29. Bxb5 Nd6 30. Bc6 Ra2 31. a4 Nfe4 32. a5 Nc3 33. h3 Rb2 34. Ra1 Nc8 35.
Bd7 Na7 36. Nc6 Ncb5 37. Nxa7 Nxa7 38. b5 Nxb5 39. Bxb5 Rxb5 40. a6 Rb8 41. a7 Ra8
42. Kh2 Kg7 43. Kg3 Kf6 44. Kf4 Ke6 45. Kg5 f6+ 46. Kh6 Kf7 47. Kxh7 g5 48. Ra5  1-0

[Event "Polofinale MCR junioru 2024"]
[Site "Hotel Fit Fun, Ryžovište 427, 512 46 Harrachov v Krkonoších"]
[Date "2024.11.12"]
[Round "5"]
[Board "19"]
[White "Mrkvan, František"]
[Black "Mametev, Artem"]
[Result "0-1"]
[WhiteElo "1932"]
[BlackElo "2213"]
[PlyCount "0"]
[EventDate "2024.11.09"]
[EventRounds "9"]
[EventCountry "CZE"]

1. e4 c5 2. c3 d5 3. exd5 Qxd5 4. d4 Nc6 5. Nf3 Bf5 6. Na3 cxd4 7. cxd4 O-O-O 8.
Be3 e5 9. Bc4 Qa5+ 10. Bd2 Bb4 11. O-O Bxd2 12. Qxd2 Qxd2 13. Nxd2 Nxd4 14. Rfe1
f6 15. Ne4 Ne7 16. Rac1 Kb8 17. Ng3 Be6 18. f4 exf4 19. Bxe6 fxg3 20. hxg3 Nxe6 21.
Rxe6 Nf5 22. g4 Nd4 23. Re7 Rhe8 24. Rcc7 Rxe7 25. Rxe7 g5 26. Rxh7 Ne2+ 27. Kf1
Nf4 28. Nc4 Rd4 29. Na5 Rd1+ 30. Kf2 Rd2+ 31. Kf1 Rd1+ 32. Kf2 Rd2+ 33. Kf1 Rxb2
34. Rh8+ Kc7 35. Rh7+ Kc8 36. Rh8+ Kd7 37. Rh7+ Ke6 38. Nxb7 Rxa2 39. Nc5+ Kd5 40.
Nd7 Nxg2 41. Nxf6+ Ke5 42. Nd7+ Kf4 43. Nf6 Ne3+ 44. Ke1 Nxg4 45. Nxg4 Kxg4 46. Rb7
Kh4 47. Kf1 g4 48. Rb3 a5 49. Kg1 a4 50. Rc3 a3 51. Rb3 Ra1+ 52. Kg2 Ra2+ 53. Kg1
g3 54. Rb8 Rb2  0-1

[Event "Polofinale MCR junioru 2024"]
[Site "Hotel Fit Fun, Ryžovište 427, 512 46 Harrachov v Krkonoších"]
[Date "2024.11.12"]
[Round "5"]
[Board "20"]
[White "Tesar, Jakub"]
[Black "Bubela, Alexander Georg"]
[Result "1-0"]
[WhiteElo "2097"]
[BlackElo "1738"]
[PlyCount "0"]
[EventDate "2024.11.09"]
[EventRounds "9"]
[EventCountry "CZE"]

1. d4 Nf6 2. c4 e6 3. Nf3 d5 4. Nc3 Be7 5. Bf4 c6 6. e3 O-O 7. Bd3 Re8 8. O-O Nbd7
9. h3 Nb6 10. c5 Nbd7 11. b4 b6 12. b5 Bb7 13. bxc6 Bxc6 14. Nb5 Rf8 15. Rc1 bxc5
16. dxc5 Bxb5 17. Bxb5 Nxc5 18. Nd4 Qb6 19. Rb1 Nce4 20. Bc6 Nc3 21. Rxb6 Nxd1 22.
Rb7  1-0

[Event "Polofinale MCR junioru 2024"]
[Site "Hotel Fit Fun, Ryžovište 427, 512 46 Harrachov v Krkonoších"]
[Date "2024.11.12"]
[Round "5"]
[Board "21"]
[White "Garabik, Marek"]
[Black "Kubiczek, Michal"]
[Result "1/2-1/2"]
[WhiteElo "1939"]
[BlackElo "2093"]
[PlyCount "0"]
[EventDate "2024.11.09"]
[EventRounds "9"]
[EventCountry "CZE"]

1. e4 e5 2. Nf3 Nc6 3. Bc4 Nf6 4. d3 h6 5. c3 Bc5 6. b4 Bb6 7. a4 a6 8. O-O d6 9.
Nbd2 Bg4 10. Re1 O-O 11. Nf1 Be6 12. Bxe6 fxe6 13. Be3 Bxe3 14. Nxe3 Kh7 15. Qc2
Nh5 16. b5 Ne7 17. d4 Ng6 18. Qd1 exd4 19. Nxd4 Nhf4 20. Rf1 Qg5 21. Kh1 e5 22. Ndf5
Ne6 23. Qg4 axb5 24. axb5 Qxg4 25. Nxg4 Nc5 26. f3 b6 27. Nge3 Nf4 28. Ne7 Nb3 29.
Rxa8 Rxa8 30. N7d5 Ne6 31. Kg1 Ra5 32. Rb1 Nbc5 33. Kf1 Ra2 34. Nb4 Ra3 35. Ned5
g5 36. Kf2 Ra5 37. c4 Ra3 38. Rb2 Ra1  1/2-1/2

[Event "Polofinale MCR junioru 2024"]
[Site "Hotel Fit Fun, Ryžovište 427, 512 46 Harrachov v Krkonoších"]
[Date "2024.11.12"]
[Round "5"]
[Board "22"]
[White "Martínek, Ondrej"]
[Black "Verner, Matej"]
[Result "0-1"]
[WhiteElo "1711"]
[BlackElo "2021"]
[PlyCount "0"]
[EventDate "2024.11.09"]
[EventRounds "9"]
[EventCountry "CZE"]

1. e4 c5 2. Nc3 Nc6 3. d3 g6 4. g3 Bg7 5. Bg2 d6 6. Be3 e5 7. Qd2 Nge7 8. Bh6 Bxh6
9. Qxh6 Nd4 10. Qd2 b5 11. Nge2 b4 12. Nd1 O-O 13. O-O a5 14. f4 f6 15. Ne3 Kg7 16.
c3 Nxe2+ 17. Qxe2 Rb8 18. g4 exf4 19. Rxf4 g5 20. Rf2 Ng6 21. Nd5 Be6 22. Raf1 Bxd5
23. exd5 Nf4 24. Rxf4 gxf4 25. Rxf4 bxc3 26. bxc3 Rb1+ 27. Bf1 Re8 28. Qf3 Ree1 29.
Qh3 Qe7 30. Rf2 Qe3 31. Qxe3 Rxe3 32. Kg2 Re5 33. c4 a4 34. Be2 Rb2 35. Bd1 a3 36.
Kf3 Rxf2+ 37. Kxf2 Re8 38. Kf3 Rb8  0-1